GLOBAL MARKETING MANAGEMENT (Record no. 19071)
[ view plain ]
| 000 -LEADER | |
|---|---|
| fixed length control field | 00293nam a22001337a 4500 |
| 003 - CONTROL NUMBER IDENTIFIER | |
| control field | SGT |
| 020 ## - INTERNATIONAL STANDARD BOOK NUMBER | |
| International Standard Book Number | 978-93-325-8432-7 |
| 082 ## - DEWEY DECIMAL CLASSIFICATION NUMBER | |
| Classification number | 658.8 |
| Item number | KEE |
| 100 ## - MAIN ENTRY--PERSONAL NAME | |
| Personal name | KEEGAN,WAREEN J. |
| 245 ## - TITLE STATEMENT | |
| Title | GLOBAL MARKETING MANAGEMENT |
| 260 ## - PUBLICATION, DISTRIBUTION, ETC. (IMPRINT) | |
| Place of publication, distribution, etc | DELHI |
| Name of publisher, distributor, etc | PERSON |
| Year of Publication | 2019 |
| 300 ## - PAGE DESCRIPTION | |
| No. of Pages | 476 |
| 942 ## - ADDED ENTRY ELEMENTS (KOHA) | |
| Source of classification or shelving scheme | Dewey Decimal Classification |
| Koha item type | Books |
| Withdrawn status | Lost status | Source of classification or shelving scheme | Damaged status | Not for loan | Home library | Current library | Shelving location | Date acquired | Vendor Name | Cost, normal purchase price | SGTU | Bill Number | Total Checkouts | Full call number | Accession No. (Barcode) | Date last seen | Bill Date | Koha item type |
|---|---|---|---|---|---|---|---|---|---|---|---|---|---|---|---|---|---|---|
| Dewey Decimal Classification | SGT Science & Social Sciences Library | SGT Science & Social Sciences Library | Text Book | 11/09/2019 | KRITI PARKASHAN | 729.00 | SGTU | IN4626 | 658.8 KEE | CM5843 | 11/09/2019 | 22/08/2019 | Books | |||||
| Dewey Decimal Classification | SGT Science & Social Sciences Library | SGT Science & Social Sciences Library | Text Book | 11/09/2019 | KRITI PARKASHAN | 729.00 | SGTU | IN4626 | 658.8 KEE | CM5844 | 11/09/2019 | 22/08/2019 | Books | |||||
| Dewey Decimal Classification | SGT Science & Social Sciences Library | SGT Science & Social Sciences Library | Text Book | 11/09/2019 | KRITI PARKASHAN | 729.00 | SGTU | IN4626 | 658.8 KEE | CM5845 | 11/09/2019 | 22/08/2019 | Books |